Build A Snowman By Answering Christmas Trivia - Statistics

General Stats
  • This quiz has been taken 489 times
  • The average score is 8 of 10
Answers on the Map
Answers color-coded by a green-red scale on the quiz's map according to % correct below.
 
Answer Stats
Question Answer % Correct
Who brings presents to the children? Santa Claus
97%
Name a reindeer other than Rudolph Dasher | Dancer | Prancer | Vixen | Comet | Cupid | Donner | Blitzen
93%
Christmas celebrates the birth of who? Jesus Christ
93%
What is typically put for a nose on a snowman? Carrot
92%
When is Christmas celebrated? December 25th
92%
What fictional character tries to "steal" Christmas? The Grinch
91%
What are the traditional Christmas colors? Red and green
85%
What do people hang on Christmas trees? Ornaments
65%
What religion is Christmas? Christianity
61%
On the twelfth day of Christmas, my true love gave to me... Twelve {drummers drumming}
46%
No matching quizzes found
Score Distribution
Percent of People with Each Score
Percentile by Number Answered
Your Score History
You have not taken this quiz